| 000 | 01499cam a2200313 i 4500 | ||
|---|---|---|---|
| 001 | 18191323 | ||
| 003 | PILC | ||
| 005 | 20160309181720.0 | ||
| 008 | 140617s2015 nyu b 001 0 eng c | ||
| 010 | _a 2014023850 | ||
| 020 | _a9780801453113 (cloth : alk. paper) | ||
| 040 |
_aNIC/DLC _beng _cNIC _erda |
||
| 042 | _apcc | ||
| 050 | 0 | 0 |
_aHG 3881 _b.G245 2015 |
| 082 | 0 | 0 | _a332/.042 |
| 100 | 1 |
_aGallagher, Kevin, _d1968- _eauthor. |
|
| 245 | 1 | 0 |
_aRuling capital : _bemerging markets and the reregulation of cross-border finance / _cKevin P. Gallagher. |
| 260 |
_aLondon : _bCornell University Press, _c2014. |
||
| 300 |
_axi, 233 pages ; _c25 cm. |
||
| 490 | 1 | _aCornell studies in money | |
| 500 | _aIncludes bibliographical references and index. | ||
| 505 | 0 | _aCountervailing monetary power -- Defending cooperative decentralization -- From managing the trilemma to stability supported growth -- Let's not get carried away -- The politics of re-regulating cross-border finance -- Ruling capital: the IMF's new view of the capital account -- Good talk, little action: the limits of the G-20 -- Trading away financial stability -- The future of countervailing monetary power. | |
| 650 | 0 |
_aInternational finance _xPolitical aspects. |
|
| 650 | 0 |
_aFinancial institutions, International _xLaw and legislation. |
|
| 830 | 0 | _aCornell studies in money. | |
| 906 |
_a7 _bcbc _corignew _d1 _eecip _f20 _gy-gencatlg |
||
| 942 |
_2lcc _cBK |
||
| 999 |
_c291531 _d291531 |
||